000 00429nam a2200157 i 4500
001 72728
003 ES-MaACL
007 t|
008 040902s1954 sp ||||1| spa d
100 1 _aGörlitz, Walter.
_959196
245 1 3 _aEl estado mayor alemán /
_cWalter Goerlitz.
250 _a[1ª ed.].
260 _aBarcelona :
_bAHR,
_c1954 (
_fHorta)
300 _a502 p., 8 lám. ;
_c21 cm.
852 _aES-MaACL
_jC-6433
_bR.35648
999 _c72728
_d72728